Juventus Current Squad by Photos (25/26) - Statistics

General Stats
  • This quiz has been taken 54 times
    15 since last reset
  • The average score is 22 of 26
Answer Stats
Picture Hint Answer % Correct
#3 Bremer
100%
#6 Lloyd Kelly
100%
#1 Mattia Perin
100%
#15 Pierre Kalulu
100%
#24 Daniele Rugani
93%
#9 Dušan Vlahović
93%
#30 Jonathan David
93%
#19 Khéphren Thuram
93%
#20 Loïs Openda
93%
#16 Michele Di Gregorio
93%
#4 Federico Gatti
87%
#18 Filip Kostić
87%
#7 Francisco Conceição
87%
#10 Kenan Yıldız
87%
#5 Manuel Locatelli
87%
#8 Teun Koopmeiners
87%
#14 Arkadiusz Milik
80%
#23 Carlo Pinsoglio
80%
#21 Fabio Miretti
80%
#25 João Mário
80%
#22 Weston McKennie
80%
#27 Andrea Cambiaso
73%
#11 Edon Zhegrova
73%
#32 Juan Cabal
73%
#17 Vasilije Adžić
73%
#40 Jonas Rouhi
53%
No matching quizzes found
Score Distribution
Percent of People with Each Score
Percentile by Number Answered
Your Score History
You have not taken this quiz since the last reset